000 00388nam a2200157Ia 4500
008 230917s9999||||xx |||||||||||||| ||und||
040 _e204177
_aMAIN
041 _aEnglish
082 _a006.7 V465M(8)
100 _aVaughan, Tay
245 0 _aMultimedia: Making it work
250 _a8th ed.
260 _aNew Delhi
_bTata McGraw-Hill
_c2012
300 _axiii, 465 p.
942 _cBK
999 _c174126
_d174126